A companion to Beethoven's pianoforte sonatas : complete analysis

Αποθηκεύτηκε σε:
Λεπτομέρειες βιβλιογραφικής εγγραφής
Κύριος συγγραφέας: Tovey, Donald Francis Sir 1875-1940
Μορφή: Βιβλίο
Γλώσσα:English
Δημοσίευση: New York : AMS, 1976
Θέματα:
Ετικέτες: Προσθήκη ετικέτας
Δεν υπάρχουν, Καταχωρήστε ετικέτα πρώτοι!

MARC

LEADER 00000nam a2200000 i 4500
001 1/80988
008 960612s1976 eng d
020 |a 0-404-13117-4 
035 |a 1988  |b 3  |c Αγορά/Τσαφταρίδης  |l 10033580 
040 |a GR-MY-UA  |b gre  |e aacr 
041 0 |a eng 
082 0 |a 786.4154 
100 1 |a Tovey, Donald Francis  |c Sir  |d 1875-1940. 
245 1 2 |a A companion to Beethoven's pianoforte sonatas :  |b complete analysis /  |c Donald Francis Tovey 
260 |a New York :   |b AMS,   |c 1976 
300 |a 301 p. 
500 |a Reprint of 1931 ed. published by the Assosiated Board of the R.A.M. and the R.C.M. London 
600 1 0 |a Beethoven, Ludwig van,   |d 1770-1827. 
650 0 0 |a Sonatas (Piano) 
852 |a INST  |b RHODES  |e 19960612  |h 786.4154 TOV  |p 005400003181  |q 005400003181  |t BK  |y 0 
909 |a Ρ  |b 012382  |c 1988